[Event "FIDE Open"]
[Site "Voronezh"]
[Date "2017.06.20"]
[Round "9.35"]
[White "Titov, Oleg"]
[Black "Vlasova, Zlata"]
[Result "0-1"]
[WhiteElo "1598"]
[BlackElo "1819"]
[Annotator ""]
[Source ""]
[Remark ""]

1.e4 c5 2.Nf3 e6 3.d4 cxd4 4.Nxd4 a6 5.Be2 Nf6 6.Bf3 Qc7 7.O-O
Nc6 8.Be3 Ne5 9.c3 Be7 10.Nd2 O-O 11.a4 Nxf3+ 12.Qxf3 d5 13.exd5
Nxd5 14.Ne4 Nxe3 15.Qxe3 e5 16.Nf3 f6 17.b4 Be6 18.Rfc1 b5 19.a5
Rac8 20.Rab1 Rfd8 21.Ng3 Bc4 22.Rd1 Rxd1+ 23.Rxd1 Bb3 24.Rb1
Qxc3 25.Rxb3 Qa1+ 26.Nf1 Rc1 27.N3d2 Re1 28.Qd3 Kf8 29.Qd5 Qd1
30.Rb1 Rxf1+ 0-1

[Event "FIDE Open"]
[Site "Voronezh"]
[Date "2017.06.20"]
[Round "9.36"]
[White "Shcherbinin, Nikolay"]
[Black "Smiyan, Vladimir"]
[Result "1-0"]
[WhiteElo "1602"]
[BlackElo "1983"]
[Annotator ""]
[Source ""]
[Remark ""]

1.e4 e5 2.Nf3 Nf6 3.Nxe5 d6 4.Nf3 Nxe4 5.Nc3 Nf6 6.d4 d5 7.Bd3
Bg4 8.O-O Be7 9.h3 Bh5 10.Bf4 a6 11.Re1 Nc6 12.Be2 O-O 13.Ne5
Bxe2 14.Rxe2 h6 15.a3 Bd6 16.Nxc6 bxc6 17.Qd2 Qd7 18.Rae1 Rfe8
19.Rxe8+ Rxe8 20.Rxe8+ Qxe8 21.Bxd6 cxd6 22.Qe2 Qc8 23.Qe7 Qe6
24.Qxe6 fxe6 25.f3 Kf7 26.Kf2 Ke7 27.Ke3 e5 28.Ne2 c5 29.c3 Ke6
30.b4 Nd7 31.Kd3 c4+ 32.Ke3 Nb6 33.g3 Kf6 34.h4 Na4 35.g4 g6
36.Kd2 Ke6 37.Ke3 Nb2 38.Kd2 Nd3 39.Ke3 Ne1 40.Kf2 Nc2 41.a4
Kd7 42.Kf1 Ne3+ 43.Kf2 exd4 44.cxd4 Nc2 45.b5 axb5 46.axb5 g5
47.hxg5 hxg5 48.f4 gxf4 49.Kf3 Na3 50.b6 Nb5 51.Kxf4 Kc6 52.g5
Kxb6 53.g6 Nc7 54.Kf5 Ne8 55.Ke6 Ng7+ 56.Kxd5 1-0

[Event "FIDE Open"]
[Site "Voronezh"]
[Date "2017.06.20"]
[Round "9.37"]
[White "Gerasko, Viacheslav"]
[Black "Moshkin, Mikhail"]
[Result "1/2-1/2"]
[WhiteElo "1907"]
[BlackElo "1671"]
[Annotator ""]
[Source ""]
[Remark ""]

1.c4 Nf6 2.Nc3 g6 3.g3 Bg7 4.Bg2 O-O 5.e3 d6 6.Nge2 c5 7.O-O
Nc6 8.d4 cxd4 9.exd4 Bf5 10.h3 Qd7 11.Kh2 Rac8 12.g4 Bxg4 13.hxg4
Nxg4+ 14.Kg1 h5 15.f3 Nh6 16.Be3 Nf5 17.Bf2 Bf6 18.Ne4 Bh4 19.Qe1
Bxf2+ 20.Qxf2 Kg7 21.Bh3 e6 22.Rfd1 Nb4 23.b3 Nc2 24.Rac1 Nce3
25.Rd3 d5 26.Nc5 Qe7 27.Rxe3 Qg5+ 28.Bg2 Nxe3 29.Nd7 Rfd8 30.f4
Qxg2+ 31.Qxg2 Nxg2 32.Kxg2 dxc4 33.Rxc4 Rc6 34.Ra4 Ra8 35.b4
f6 36.b5 Rd6 37.Nc3 1/2-1/2

[Event "FIDE Open"]
[Site "Voronezh"]
[Date "2017.06.20"]
[Round "9.40"]
[White "Kuritsina, Zlata"]
[Black "Smirnov, Mark A."]
[Result "0-1"]
[WhiteElo "1538"]
[BlackElo "1762"]
[Annotator ""]
[Source ""]
[Remark ""]

1.e4 c5 2.Nf3 d6 3.Bc4 Nf6 4.d3 Nc6 5.Bf4 Bg4 6.Nbd2 g6 7.h3
Bxf3 8.Nxf3 Bg7 9.Qc1 O-O 10.O-O Qb6 11.Rb1 Na5 12.Bb3 Nxb3 13.axb3
Rfc8 14.Bh6 Bh8 15.Be3 Nd7 16.Re1 Rc6 17.Bd2 Rac8 18.Ra1 a6 19.Ba5
Qa7 20.Bc3 Bxc3 21.bxc3 Ne5 22.Nxe5 dxe5 23.c4 Qb6 24.Qb2 Qc7
25.Red1 b5 26.cxb5 axb5 27.c3 Rd8 28.Kf1 Rcd6 29.Qc2 Qd7 30.Ke2
Kg7 31.c4 b4 32.Ra5 Rc6 33.Qb2 f6 34.Qd2 Qd4 35.Ra2 Rcd6 36.Qb2
Qxb2+ 37.Rxb2 Ra8 38.Rbd2 0-1

[Event "FIDE Open"]
[Site "Voronezh"]
[Date "2017.06.20"]
[Round "9.41"]
[White "Ivlev, Aleksandr"]
[Black "Sych, Alina"]
[Result "1/2-1/2"]
[WhiteElo "1717"]
[BlackElo "1557"]
[Annotator ""]
[Source ""]
[Remark ""]

1.d4 Nf6 2.Nf3 e6 3.Bf4 c5 4.e3 d5 5.c3 Nc6 6.Bd3 Bd6 7.Bg3 O-O
8.Nbd2 c4 9.Bc2 b5 10.a3 Re8 11.O-O a5 12.e4 dxe4 13.Nxe4 Nxe4
14.Bxe4 Bb7 15.Bxd6 Qxd6 16.Qe2 Rab8 17.Rfd1 h6 18.h3 Qc7 19.Rd2
Ne7 20.Bxb7 Qxb7 21.Ne5 Nc6 22.Rad1 Ne7 23.Qg4 Nd5 24.Qg3 Nf6
25.f3 Qd5 26.Ng4 Nxg4 27.hxg4 b4 28.axb4 axb4 29.Re2 bxc3 30.bxc3
Rb3 31.Re5 Qd6 32.f4 Qa3 33.Re3 Reb8 34.Kh2 Rb2 35.g5 hxg5 36.fxg5
R8b5 37.Rf1 Qa5 38.g6 f6 39.Qd6 Qb6 40.Qxe6+ Qxe6 41.Rxe6 Kf8
42.Rfe1 Rh5+ 43.Kg1 Rb8 44.Rc6 Rg5 45.Rxc4 Rxg6 46.d5 Rb2 47.g4
Rd2 48.Rc8+ Kf7 49.Re4 Rxd5 50.Kf2 Rgg5 51.c4 Rc5 52.Rxc5 Rxc5
53.Ke3 g6 54.Kd4 Ra5 1/2-1/2

[Event "FIDE Open"]
[Site "Voronezh"]
[Date "2017.06.20"]
[Round "9.42"]
[White "Gerasimov, Vadim"]
[Black "Belov, Aleksei"]
[Result "0-1"]
[WhiteElo "1713"]
[BlackElo "1625"]
[Annotator ""]
[Source ""]
[Remark ""]

1.e4 c5 2.Nf3 d6 3.d4 cxd4 4.Nxd4 Nf6 5.f3 a6 6.c4 e6 7.Be2 Be7
8.O-O O-O 9.Nc3 Qc7 10.Be3 Nbd7 11.Qd2 b6 12.Rfd1 Bb7 13.a4 Rac8
14.a5 Rfe8 15.Na4 bxa5 16.Nb3 d5 17.exd5 Bb4 18.Qd4 exd5 19.c5
Qe5 20.Qxe5 Rxe5 21.Kf2 Rce8 22.Rd3 d4 23.Nxd4 Nxc5 24.Nxc5 Bxc5
25.Ra4 Nd5 26.Kg3 Nxe3 0-1

[Event "FIDE Open"]
[Site "Voronezh"]
[Date "2017.06.20"]
[Round "9.44"]
[White "Makushin, Aleksandr"]
[Black "Ragimli, Deniz"]
[Result "1-0"]
[WhiteElo "1753"]
[BlackElo "1648"]
[Annotator ""]
[Source ""]
[Remark ""]

1.e4 c6 2.Nc3 d5 3.Nf3 Bg4 4.d4 dxe4 5.Nxe4 Bxf3 6.gxf3 g6 7.Bc4
e6 8.Bg5 Be7 9.Bf4 Nf6 10.Qd2 Nbd7 11.O-O-O Nb6 12.Bb3 Nxe4 13.fxe4
Bd6 14.e5 Be7 15.Bh6 Bf8 16.h4 Qc7 17.Bg5 Be7 18.h5 O-O-O 19.hxg6
hxg6 20.c3 Bxg5 21.Qxg5 Nd5 22.Rh4 Qe7 23.Qxe7 Nxe7 24.Rdh1 Rxh4
25.Rxh4 Kd7 26.Rh7 Rf8 27.Kd2 Nf5 28.Bc2 Ke7 29.Be4 Rd8 30.b4
a6 31.Kd3 Rd7 32.a4 Kf8 33.Kc4 Ke7 34.a5 Kd8 35.Kc5 Kc7 36.Bxf5
gxf5 37.f4 Rd5+ 38.Kc4 Rd7 39.Rh8 Re7 40.Kc5 Rd7 41.c4 Re7 42.Ra8
Rd7 43.Re8 b5 44.axb6+ Kb7 45.Rh8 1-0

[Event "FIDE Open"]
[Site "Voronezh"]
[Date "2017.06.20"]
[Round "9.45"]
[White "Koshelev, Vladimir"]
[Black "Ryumshin, Vladislav"]
[Result "1/2-1/2"]
[WhiteElo "1725"]
[BlackElo "1603"]
[Annotator ""]
[Source ""]
[Remark ""]

1.c4 e5 2.Nc3 Nf6 3.g3 Nc6 4.Bg2 Bc5 5.e3 O-O 6.a3 Re8 7.Nge2
a6 8.d3 d6 9.O-O Rb8 10.b4 Ba7 11.b5 axb5 12.Nxb5 Bb6 13.Bb2
Na7 14.Nbc3 Bg4 15.h3 Be6 16.Nd5 c6 17.Nxb6 Qxb6 18.Bc3 Qd8 19.a4
c5 20.a5 Qc8 21.Kh2 Nc6 22.e4 Ra8 23.Qd2 Qd8 24.Rfb1 Ra7 25.f4
Bd7 26.f5 Kh8 27.g4 Ng8 28.Ng3 Qh4 29.Qe2 Nh6 30.Be1 Nd4 31.Qd1
Qg5 32.Bd2 Qh4 33.g5 Ng8 34.Rb6 Bc6 35.a6 Rea8 36.Qb1 Rxa6 37.Raxa6
Rxa6 38.Rxa6 bxa6 39.Qb8 h6 40.gxh6 Qe7 41.Nh5 gxh6 42.Bxh6 f6
43.Bf8 Qe8 44.Qxe8 Bxe8 45.Ng3 a5 46.Bxd6 Nb3 47.Ne2 a4 48.Nc3
a3 49.Bf3 Nc1 50.Bxc5 a2 51.Nxa2 Nxa2 52.d4 exd4 53.Bxd4 Nb4
54.e5 fxe5 55.Bxe5+ Kh7 56.Be4 Nh6 57.Bd6 Nc6 58.Bf8 Ne5 59.c5
Nhf7 60.f6+ Kg8 61.Be7 Nc6 62.Bd5 Nxe7 63.fxe7 Kg7 64.Kg3 Kf6 1/2-1/2

[Event "FIDE Open"]
[Site "Voronezh"]
[Date "2017.06.20"]
[Round "9.47"]
[White "Stroganova, Karina"]
[Black "Belov, Yury"]
[Result "1-0"]
[WhiteElo "1711"]
[BlackElo "1567"]
[Annotator ""]
[Source ""]
[Remark ""]

1.d4 d5 2.Nf3 e6 3.c4 c6 4.g3 f5 5.Bg2 Bd6 6.O-O Nf6 7.Qb3 O-O
8.Nc3 b6 9.h3 Nbd7 10.Rd1 Ba6 11.cxd5 exd5 12.Bg5 Qe8 13.Qa4
Bb7 14.Rac1 a5 15.Qb3 b5 16.a3 Qf7 17.Rd2 Ne4 18.Rdc2 Nxg5 19.Nxg5
Qg6 20.Nf3 Nf6 21.Ne5 Qe8 22.Nxc6 Bxc6 23.Nxd5 Kh8 24.Nxf6 Qf7
25.Qxf7 Rxf7 26.Bxc6 Rd8 27.Nd5 b4 28.axb4 axb4 29.Rc4 Rb8 30.Ra1
h5 31.Ra8 Rxa8 32.Bxa8 Ra7 33.Bc6 Ra2 34.Be8 Rxb2 35.Bg6 Kg8
36.Rc8+ Bf8 37.Ne7+ 1-0

[Event "FIDE Open"]
[Site "Voronezh"]
[Date "2017.06.20"]
[Round "9.49"]
[White "Malozemova, Darya"]
[Black "Kobozev, Aleksandr"]
[Result "1-0"]
[WhiteElo "1680"]
[BlackElo "1497"]
[Annotator ""]
[Source ""]
[Remark ""]

1.d4 d5 2.Bf4 Bf5 3.Nf3 e6 4.e3 Bd6 5.Bg3 Nf6 6.Nbd2 O-O 7.Be2
Ne4 8.c3 Nd7 9.Nh4 Nxg3 10.hxg3 Bg6 11.f4 c5 12.Ndf3 Nf6 13.Nxg6
fxg6 14.Bd3 Ne4 15.Bxe4 dxe4 16.Ng5 Qxg5 17.fxg5 Bxg3+ 18.Kd2
Rf2+ 19.Kc1 Raf8 20.Qg4 cxd4 21.Qxg3 d3 22.Qh3 Rc2+ 23.Kb1 Rff2
24.Qxe6+ Kf8 25.Qc8+ Kf7 26.Qxb7+ Kf8 27.Qa8+ Kf7 28.Qxa7+ Kf8
29.Qb8+ Kf7 30.a4 Rce2 31.Rxh7 Re1+ 32.Ka2 Rxa1+ 33.Kxa1 d2 34.Qc7+
Ke6 35.Rh1 Rf5 36.Qc4+ Ke5 37.Rd1 Rf1 38.Qxf1 1-0

[Event "FIDE Open"]
[Site "Voronezh"]
[Date "2017.06.20"]
[Round "9.51"]
[White "Grishchenko, Vladimir"]
[Black "Smaleva, Stanislava"]
[Result "1/2-1/2"]
[WhiteElo "1939"]
[BlackElo "1446"]
[Annotator ""]
[Source ""]
[Remark ""]

1.e4 c5 2.d3 Nc6 3.g3 g6 4.Bg2 Bg7 5.Nf3 e6 6.O-O d6 7.Nbd2 Nge7
8.Re1 O-O 9.Nf1 Rb8 10.h4 h5 11.N1h2 b5 12.g4 hxg4 13.Nxg4 f5
14.Ngh2 d5 15.e5 Qc7 16.Qe2 Nd8 17.Ng5 Nf7 18.f4 Nxg5 19.hxg5
Kf7 20.Bd2 Rh8 21.Rab1 a6 22.Nf3 Bb7 23.b4 c4 24.Be3 a5 25.a3
axb4 26.axb4 Ra8 27.Ra1 Qc8 28.Bc5 Bf8 29.d4 Nc6 30.c3 Be7 31.Kf2
Qc7 32.Rxa8 Bxa8 33.Ra1 Bb7 34.Kg3 Kg7 35.Rh1 Rxh1 36.Bxh1 Qd8
37.Qh2 Qh8 38.Qxh8+ Kxh8 39.Ne1 Kh7 40.Nc2 Ba6 1/2-1/2

[Event "FIDE Open"]
[Site "Voronezh"]
[Date "2017.06.20"]
[Round "9.52"]
[White "Astakhov, Alexander"]
[Black "Badtrutdinova, Darya"]
[Result "1-0"]
[WhiteElo "1798"]
[BlackElo "1445"]
[Annotator ""]
[Source ""]
[Remark ""]

1.c4 Nf6 2.Nc3 d5 3.cxd5 Nxd5 4.g3 c6 5.Bg2 Bg4 6.h3 Bh5 7.Nf3
Nd7 8.d4 e6 9.e4 Nxc3 10.bxc3 Nf6 11.Qd3 h6 12.O-O Be7 13.Rb1
Nxe4 14.Rxb7 Nc5 15.Rxe7+ Qxe7 16.dxc5 O-O 17.Be3 Bg6 18.Qa6
Be4 19.Ne5 Bxg2 20.Kxg2 Rfc8 21.Nxc6 Qd7 22.Nb4 e5 23.Qd3 Qa4
24.Qf5 a5 25.Nd5 Qc6 26.c4 Re8 27.Rb1 Rab8 28.Rxb8 Rxb8 29.Qxe5
Re8 30.Qc3 a4 31.Kh2 Qg6 32.Nb4 Rc8 33.c6 Qd6 34.c5 Qd1 35.Qd2
Qxd2 36.Bxd2 Kf8 37.Bf4 Ke7 38.c7 g5 39.Bd6+ 1-0

[Event "FIDE Open"]
[Site "Voronezh"]
[Date "2017.06.20"]
[Round "9.53"]
[White "Volovich, Evgeny"]
[Black "Chekletsova, Darya"]
[Result "0-1"]
[WhiteElo "1353"]
[BlackElo "1657"]
[Annotator ""]
[Source ""]
[Remark ""]

1.e4 c5 2.Nf3 d6 3.d4 cxd4 4.Nxd4 Nf6 5.Nc3 a6 6.Bc4 e6 7.Be3
Be7 8.g4 O-O 9.g5 Ne8 10.h4 Nc7 11.Qh5 Nd7 12.f4 g6 13.Qg4 e5
14.Nb3 Nb6 15.Qe2 Nxc4 16.Qxc4 Ne6 17.f5 Nd4 18.Bxd4 exd4 19.Nxd4
Qa5 20.f6 Bd8 21.O-O-O Qe5 22.Rdg1 Bb6 23.Rd1 Bg4 24.Rd2 Rac8
25.Qd5 Rc7 26.Kb1 Qf4 27.Nde2 Qf3 28.Rdd1 Rc6 29.Rd3 Qf2 30.Rd2
Be6 0-1

[Event "FIDE Open"]
[Site "Voronezh"]
[Date "2017.06.20"]
[Round "9.54"]
[White "Karpuzov, Georgiy"]
[Black "Gaglazov, Mikhail"]
[Result "1/2-1/2"]
[WhiteElo "1755"]
[BlackElo "1668"]
[Annotator ""]
[Source ""]
[Remark ""]

1.e4 e6 2.d4 d5 3.Nd2 Nf6 4.e5 Nfd7 5.Bd3 c5 6.c3 Nc6 7.Ne2 Qb6
8.Nf3 cxd4 9.cxd4 f6 10.exf6 Nxf6 11.O-O Bd6 12.h3 O-O 13.a3
e5 14.dxe5 Nxe5 15.Nxe5 Bxe5 16.Rb1 Be6 17.b3 Bf7 18.Bb2 Bxb2
19.Rxb2 Rac8 20.Qd2 Rfe8 21.Rc1 Ne4 22.Bxe4 Rxc1+ 23.Qxc1 Rxe4
24.Qc8+ Re8 25.Qc3 Qa6 26.Ng3 Qxa3 27.Nf5 Qf8 28.Qc7 Be6 29.Nd4
Qf6 30.Rd2 Rc8 31.Qd6 Bf7 32.Qxf6 gxf6 33.Rd3 Bg6 34.Re3 Re8
35.Rc3 Re7 36.f3 a6 37.Kf2 Kf7 38.g4 Ke8 39.f4 Re4 40.Re3 Kd7
41.Rxe4 Bxe4 42.Ke3 Kd6 43.h4 h6 44.b4 b6 45.Nb3 Kc6 46.Nd4+
Kd6 47.Nb3 Kc6 48.Nd4+ 1/2-1/2

[Event "FIDE Open"]
[Site "Voronezh"]
[Date "2017.06.20"]
[Round "9.55"]
[White "Shilo, Kirill"]
[Black "Smaleva, Veronika"]
[Result "1-0"]
[WhiteElo "1882"]
[BlackElo "1163"]
[Annotator ""]
[Source ""]
[Remark ""]

1.e4 e5 2.Nf3 Nc6 3.Bc4 Bc5 4.O-O Nf6 5.d3 O-O 6.c3 d6 7.Bb3
a6 8.Bg5 h6 9.Bh4 Ba7 10.h3 Be6 11.Bc2 Re8 12.d4 exd4 13.cxd4
Bd7 14.e5 dxe5 15.dxe5 Nxe5 16.Nxe5 Rxe5 17.Bxf6 gxf6 18.Qd2
Rh5 19.Rd1 c6 20.Qxd7 Qxd7 21.Rxd7 Rc5 22.Nc3 b5 23.Bb3 b4 24.Ne4
Rf5 25.Rxf7 Kh8 26.Nxf6 Rxf2 27.Rh7# 1-0

[Event "FIDE Open"]
[Site "Voronezh"]
[Date "2017.06.20"]
[Round "9.56"]
[White "Yudakov, Alexey"]
[Black "Osipyan, Grigor"]
[Result "0-1"]
[WhiteElo "1556"]
[BlackElo "1452"]
[Annotator ""]
[Source ""]
[Remark ""]

1.e4 c5 2.d4 cxd4 3.c3 dxc3 4.Nxc3 e6 5.Nf3 Nc6 6.Bc4 Bb4 7.O-O
Nge7 8.Qe2 O-O 9.Rd1 Ng6 10.Nb5 a6 11.Nd6 Bxd6 12.Rxd6 b5 13.Bb3
Na5 14.Be3 Qc7 15.Qd2 Nc4 16.Bxc4 Qxc4 17.Rd4 Qc7 18.Rc1 Qb8
19.Rd6 Bb7 20.Rb6 Rc8 21.Qxd7 Rxc1+ 22.Bxc1 Qc8 23.Qxc8+ Rxc8
24.Be3 Bxe4 25.Rxa6 h6 26.h3 Rc2 27.b3 Ne7 28.Nd4 Rb2 29.Nxb5
Nf5 30.Nc3 Nxe3 31.Nxe4 Rb1+ 32.Kh2 Nf1+ 33.Kg1 Ng3+ 34.Kh2 Nxe4
35.f3 Nc3 36.Ra8+ Kh7 37.Ra7 Kg6 38.Kg3 Rb2 39.b4 Rxb4 0-1

[Event "FIDE Open"]
[Site "Voronezh"]
[Date "2017.06.20"]
[Round "9.57"]
[White "Moiseeva, Polina"]
[Black "Mikhalenko, Ivan"]
[Result "1-0"]
[WhiteElo "1547"]
[BlackElo "1137"]
[Annotator ""]
[Source ""]
[Remark ""]

1.e4 e5 2.Nf3 Nc6 3.d4 exd4 4.Nxd4 Bc5 5.Be3 d6 6.Nxc6 bxc6 7.Bxc5
dxc5 8.Qxd8+ Kxd8 9.Bc4 Be6 10.Bxe6 fxe6 11.Nc3 Ne7 12.Na4 c4
13.Nc5 e5 14.Rd1+ Ke8 15.Ne6 Kf7 16.Nxc7 Rab8 17.b3 cxb3 18.cxb3
Rb6 19.Rd6 Rc8 20.Ne6 h6 21.Nc5 Rb4 22.O-O Rd4 23.Rd1 Rxd1+ 24.Rxd1
a5 25.f3 Kg6 26.Kf2 Kh5 27.g3 g5 28.h3 Ng6 29.Nd7 Nf8 30.Nxe5
c5 31.Rd6 Rc7 32.g4+ Kh4 33.Rxh6# 1-0

[Event "FIDE Open"]
[Site "Voronezh"]
[Date "2017.06.20"]
[Round "9.58"]
[White "Rtischev, Maksim"]
[Black "Ismailov, Samir"]
[Result "0-1"]
[WhiteElo "1132"]
[BlackElo "1517"]
[Annotator ""]
[Source ""]
[Remark ""]

1.d4 Nf6 2.c4 c5 3.Nf3 cxd4 4.Nxd4 e6 5.Nc3 Bb4 6.Bg5 Qa5 7.Bd2
O-O 8.Qb3 Qb6 9.e3 Bxc3 10.Bxc3 Qd8 11.Bd3 b6 12.O-O-O Bb7 13.f3
Nc6 14.Nb5 Qe7 15.Bc2 Rfd8 16.e4 d6 17.f4 e5 18.g3 Ng4 19.Rd2
Ne3 20.Re1 Nxc2 21.Kxc2 exf4 22.gxf4 Qh4 23.f5 Qxe1 24.Nxd6 Rxd6
25.Rxd6 Qxe4+ 26.Rd3 Rd8 27.Bd2 Nd4+ 0-1

[Event "Fide Open"]
[Site "?"]
[Date "2017.06.20"]
[Round "9.1"]
[White "Peschansky, Mikhail"]
[Black "Provkin, Vladimir"]
[Result "1/2-1/2"]
[WhiteElo "2162"]
[BlackElo "2163"]
[Annotator ""]
[Source ""]
[Remark ""]

1.c4 Nf6 2.Nc3 g6 3.g3 Bg7 4.Bg2 d6 5.e3 O-O 6.Nge2 Nc6 7.d4
Bg4 8.h3 Bxe2 9.Qxe2 Nd7 10.O-O e5 11.dxe5 Ndxe5 12.Rb1 Re8 13.b3
Nf3+ 14.Qxf3 Bxc3 15.Bb2 Bxb2 16.Rxb2 Kg7 17.Rd2 Qf6 18.Qd1 h5
19.h4 a5 20.a3 Re7 21.Qa1 Qxa1 22.Rxa1 Ra7 23.Rad1 f5 24.Rc1
Re5 25.Rd5 Ne7 26.Rd2 Ra6 27.Rc3 Rb6 28.Kf1 Nc6 29.Rd5 Ne7 30.Rd2
Nc6 31.Rd5 Ne7 32.Rd2 Nc6 33.Rd5 Ne7 34.Rd2 Nc6 35.Rd5 Ne7 36.Rd2
Nc6 37.Rd5 Ne7 38.Rd2 Nc6 39.Rd5 Ne7 40.Rd2 Nc6 1/2-1/2

[Event "Fide Open"]
[Site "?"]
[Date "2017.06.20"]
[Round "9.2"]
[White "Bezgodova, Svetlana"]
[Black "Manukovsky, Vladimir"]
[Result "1-0"]
[WhiteElo "2038"]
[BlackElo "2200"]
[Annotator ""]
[Source ""]
[Remark ""]

1.Nf3 c5 2.c4 Nc6 3.d4 cxd4 4.Nxd4 g6 5.e4 Bg7 6.Be3 Nf6 7.Nc3
Ng4 8.Qxg4 Nxd4 9.Qd1 Ne6 10.Qd2 b6 11.Rc1 Bb7 12.f3 O-O 13.Be2
Rc8 14.O-O d6 15.Rfd1 f5 16.exf5 gxf5 17.Nd5 Qe8 18.b3 Qf7 19.Re1
Rce8 20.Bd1 Kh8 21.Bc2 f4 22.Bf2 Be5 23.Kf1 Rg8 24.Qd3 Rg7 25.Qf5
Qg8 26.Rxe5 dxe5 27.Qxe5 Qf7 28.Re1 Bc8 29.Bf5 Nc5 30.Bxc8 Rxc8
31.Bd4 Rcg8 32.Qxe7 Qg6 33.Bxg7+ Rxg7 34.Qf8+ Rg8 35.Qf6+ Qxf6
36.Nxf6 Rf8 37.Re8 Rxe8 38.Nxe8 Nd3 39.Nd6 Nc1 40.Nc8 Nxa2 41.Nxa7
Nc1 42.Nc8 Nxb3 43.Nxb6 Nd4 44.c5 Kg7 45.Nd5 Kf7 46.Nxf4 Ke7
47.Kf2 Nb3 48.Nd3 Ke6 49.Ke3 Kd5 50.g4 Nd4 51.f4 Nc2+ 52.Kf2
Nd4 53.f5 Ke4 54.Nb4 Ke5 55.Ke3 Nb5 56.c6 Nc7 57.h3 h6 58.Kd3
Kd6 59.Kc4 Ne8 60.Kb5 Nc7+ 61.Kb6 Ne8 62.Kb7 Nc7 63.f6 Ne6 64.Kb8
Nc7 65.f7 Ne6 66.c7 Nxc7 67.f8Q+ Kd5 1-0

[Event "Fide Open"]
[Site "?"]
[Date "2017.06.20"]
[Round "9.3"]
[White "Ioffe, Evgeny"]
[Black "Lebedev, Mikhail S."]
[Result "0-1"]
[WhiteElo "2155"]
[BlackElo "2041"]
[Annotator ""]
[Source ""]
[Remark ""]

1.e4 c5 2.c3 Nf6 3.e5 Nd5 4.d4 cxd4 5.cxd4 d6 6.Nf3 Nc6 7.Bc4
dxe5 8.dxe5 Ndb4 9.Qxd8+ Nxd8 10.Na3 a6 11.Bd2 e6 12.Ke2 b5 13.Bb3
Bb7 14.Nc2 Ndc6 15.Rhd1 Nxc2 16.Bxc2 Nb4 17.Bb3 Rd8 18.a3 Nd5
19.Rac1 Be7 20.Nd4 Kd7 21.g3 Rc8 22.Rxc8 Rxc8 23.Ba5 Bc5 24.f4
g6 25.h4 h5 26.Nf3 Ke8 27.Nd4 Ne7 28.Bc3 Bxa3 29.Nxe6 fxe6 30.Bxe6
Bc5 31.Bd7+ Kf8 32.Bxc8 Bxc8 33.Rd8+ Kf7 34.Bd4 Bg4+ 35.Kd3 Nc6
36.Rd5 Nb4+ 0-1

[Event "Fide Open"]
[Site "?"]
[Date "2017.06.20"]
[Round "9.4"]
[White "Khajrutdinov, Ildar"]
[Black "Garafutdinov, Ainur"]
[Result "1-0"]
[WhiteElo "2087"]
[BlackElo "1998"]
[Annotator ""]
[Source ""]
[Remark ""]

1.d4 f5 2.g3 Nf6 3.Bg2 d6 4.Nc3 g6 5.e4 fxe4 6.Nxe4 Nxe4 7.Bxe4
Nd7 8.Nf3 Nf6 9.Bd3 c6 10.c3 Qb6 11.Ng5 Rg8 12.Qe2 Qc7 13.Bd2
Bd7 14.O-O-O O-O-O 15.Bc4 d5 16.Bd3 b5 17.Bf4 Qb7 18.f3 Re8 19.g4
Bh6 20.h4 Rgf8 21.Bg3 c5 22.Kb1 Qc6 23.Qe5 Kb7 24.dxc5 Qxc5 25.Ne6
Bxe6 26.Qxe6 Bg7 27.Rhe1 Ng8 28.Qd7+ Ka8 29.Bxb5 Rc8 30.Rxd5
Qb6 31.Bf2 Qc7 32.Bc6+ 1-0

[Event "Fide Open"]
[Site "?"]
[Date "2017.06.20"]
[Round "9.5"]
[White "Novikov, Sergey D"]
[Black "Mezhov, Dmitriy"]
[Result "1-0"]
[WhiteElo "2061"]
[BlackElo "1809"]
[Annotator ""]
[Source ""]
[Remark ""]

1.d4 d5 2.c4 c6 3.Nf3 Nf6 4.Nc3 e6 5.e3 Nbd7 6.Qc2 b6 7.Bd3 Bb7
8.O-O Be7 9.b3 dxc4 10.Bxc4 c5 11.e4 cxd4 12.Nxd4 O-O 13.Rd1
Qc7 14.Qe2 a6 15.Bb2 Nc5 16.e5 Nd5 17.Bxd5 exd5 18.Qg4 Qxe5 19.Nf5
Bc8 20.Nxe7+ Qxe7 21.Qxg7+ Kxg7 22.Nxd5+ f6 23.Nxe7 Be6 24.Nd5
Bxd5 25.Rxd5 Rad8 26.Rad1 Rxd5 27.Rxd5 Re8 28.Kf1 Re6 29.Rd2
Kf7 30.Bd4 Re4 31.Bxc5 bxc5 32.Rd6 Rb4 33.Rxa6 c4 34.Ra4 Rxa4
35.bxa4 1-0

[Event "Fide Open"]
[Site "?"]
[Date "2017.06.20"]
[Round "9.7"]
[White "Palin, Denis"]
[Black "Piskov, Vladimir A."]
[Result "1-0"]
[WhiteElo "2158"]
[BlackElo "1909"]
[Annotator ""]
[Source ""]
[Remark ""]

1.d4 d5 2.Nf3 Nf6 3.e3 Bg4 4.h3 Bh5 5.c4 e6 6.cxd5 exd5 7.Qb3
b6 8.Ne5 c6 9.Bd3 Bd6 10.O-O Bg6 11.f4 Bxd3 12.Qxd3 O-O 13.Nc3
Re8 14.Bd2 c5 15.Be1 c4 16.Qf5 Be7 17.Ng4 Nxg4 18.hxg4 Na6 19.Nxd5
Qd6 20.Rf3 Bd8 21.Nc3 Nc7 22.Rc1 g6 23.Qc2 b5 24.Bf2 Qd7 25.f5
Nd5 26.e4 Nb4 27.Qd2 Nd3 28.Rxd3 cxd3 29.Qxd3 Rc8 30.Rf1 a6 31.Nd5
Rc6 32.Nb4 Rd6 33.Nd5 Bg5 34.Qf3 Rc6 35.Be3 Bd8 36.Rf2 a5 37.e5
g5 38.f6 h6 39.g3 Qc8 40.Qh1 Kh7 41.Bxg5 Rc1+ 42.Bxc1 Qxc1+ 43.Kh2
Qxh1+ 44.Kxh1 a4 45.Rc2 Ba5 46.Rc5 Rb8 47.Nf4 Bd2 48.d5 b4 49.d6
b3 50.axb3 axb3 51.d7 Rd8 52.e6 fxe6 53.Nxe6 Bb4 54.Nxd8 Bxc5
55.Ne6 Bb6 56.f7 1-0

[Event "Fide Open"]
[Site "?"]
[Date "2017.06.20"]
[Round "9.8"]
[White "Kazmin, Semen"]
[Black "Maratkanov, Evgeny"]
[Result "1/2-1/2"]
[WhiteElo "2086"]
[BlackElo "2145"]
[Annotator ""]
[Source ""]
[Remark ""]

1.e4 e6 2.d4 d5 3.Nc3 Bb4 4.e5 Ne7 5.a3 Bxc3+ 6.bxc3 c5 7.Qg4
cxd4 8.Qxg7 Rg8 9.Qxh7 Qc7 10.Ne2 dxc3 11.Qd3 Nbc6 12.f4 d4 13.Nxd4
Nxd4 14.Qxd4 Bd7 15.Rg1 Nf5 16.Qf2 Qc6 17.g4 Qe4+ 18.Qe2 Qd4
19.Qf2 Qe4+ 20.Qe2 Qd4 21.Qf2 Qe4+ 22.Qe2 1/2-1/2

[Event "Fide Open"]
[Site "?"]
[Date "2017.06.20"]
[Round "9.9"]
[White "Kondaurov, Yury"]
[Black "Katkov, Vitaly"]
[Result "1-0"]
[WhiteElo "2046"]
[BlackElo "2054"]
[Annotator ""]
[Source ""]
[Remark ""]

1.Nf3 c5 2.g3 Nc6 3.Bg2 g6 4.O-O Bg7 5.c4 Nf6 6.Nc3 d5 7.cxd5
Nxd5 8.Qb3 Nc7 9.Ng5 O-O 10.d3 Bd7 11.Be3 b6 12.Nd5 Rc8 13.Nxc7
Qxc7 14.Rac1 Qe5 15.Rc2 Nd4 16.Bxd4 Qxd4 17.Nf3 Qd6 18.Rfc1 Bh6
19.e3 Bf5 20.Rd2 Rfd8 21.Rcd1 e5 22.h3 Rd7 23.Bf1 Be6 24.Qa4
Rcd8 25.Qh4 Kg7 26.g4 f6 27.Qg3 Bxa2 28.h4 g5 29.b4 Be6 30.bxc5
bxc5 31.Rc1 e4 32.Qxd6 Rxd6 33.hxg5 fxg5 34.Ne5 Rd5 35.Nc6 R8d7
36.d4 cxd4 37.Nxd4 Bxg4 38.Rc6 Ra5 39.Bg2 Re7 40.Rc4 Bd7 41.Nb3
Rae5 42.Nd4 Kg6 43.Nc6 Bxc6 44.Rxc6+ Kh5 45.Bf1 Bg7 46.Be2+ g4
47.Kg2 Kg5 48.Ra6 Rf5 49.Rda2 h5 50.Rxa7 Rxa7 51.Rxa7 Be5 52.Ra4
h4 53.Rxe4 h3+ 54.Kf1 g3 55.Rg4+ Kf6 56.f4 g2+ 57.Kg1 Bd6 58.Rh4
Bc5 59.Rh6+ Kg7 60.Rxh3 Bxe3+ 61.Rxe3 Rxf4 62.Kxg2 Kf6 63.Kg3
Rb4 64.Bg4 Rb6 65.Re4 Rd6 66.Kf4 Rb6 67.Ra4 Rd6 68.Bf3 Rb6 69.Ra1
Ke6 70.Rh1 Rb4+ 71.Be4 Kd6 72.Rh6+ Kc5 73.Ke5 Rb6 74.Rh1 Rb4
75.Bd5 Rg4 76.Rc1+ Kb4 77.Be4 Rg3 78.Kd4 Rh3 79.Rc4+ Kb5 80.Rc7
Rh6 81.Rc1 Rh3 82.Rb1+ Ka4 83.Bd5 Ka3 84.Kc5 Rg3 85.Bc4 Rg5+
86.Kd4 Rg3 87.Bd3 Ka4 88.Kc3 Ka5 89.Rb5+ Ka4 90.Rb6 Rg5 91.Ra6+
Ra5 92.Rb6 Rg5 93.Rh6 Rc5+ 94.Bc4 Rg5 95.Rh1 Rg3+ 96.Bd3 Ka5
97.Rh6 1-0

[Event "Fide Open"]
[Site "?"]
[Date "2017.06.20"]
[Round "9.10"]
[White "Arbuzov, Mikhail"]
[Black "Puchko, Nikolay"]
[Result "1-0"]
[WhiteElo "2022"]
[BlackElo "2154"]
[Annotator ""]
[Source ""]
[Remark ""]

1.d4 Nf6 2.c4 g6 3.f3 e6 4.e4 d5 5.Nc3 dxe4 6.fxe4 c5 7.Nf3 Bg7
8.d5 O-O 9.Be2 exd5 10.exd5 Bg4 11.O-O Nbd7 12.Bf4 Re8 13.h3
Bxf3 14.Bxf3 Ne5 15.Be2 Nfd7 16.Qd2 f5 17.Rad1 Nf7 18.Nb5 g5
19.Bc7 Qf6 20.Bh5 Nde5 21.Bxe5 Rxe5 22.Bxf7+ Kxf7 23.Nc7 Rc8
24.Ne6 h6 25.b3 Kg8 26.Rf3 b6 27.Rdf1 Re8 28.Qd3 f4 29.g3 R5xe6
30.dxe6 Qd4+ 31.Qxd4 Bxd4+ 32.Kh1 Be3 33.gxf4 gxf4 34.Re1 Kg7
35.Kg2 Kg6 36.h4 Re7 37.Kh3 a6 38.a4 Kh5 39.Rexe3 fxe3 40.Rxe3
Kg6 41.Kg4 h5+ 42.Kf4 Kf6 43.Re5 Rxe6 44.Rxe6+ Kxe6 45.Kg5 Ke5
46.Kxh5 Kd4 47.Kg5 Kc3 48.h5 Kxb3 49.h6 Kxc4 50.h7 Kb4 51.h8Q
Kxa4 52.Qa1+ Kb5 53.Kf4 a5 54.Qb2+ Kc4 55.Qxb6 a4 56.Ke3 Kc3
57.Qxc5+ 1-0

[Event "Fide Open"]
[Site "?"]
[Date "2017.06.20"]
[Round "9.11"]
[White "Shishkin, Aleksey A."]
[Black "Kasantsev, Anatolij B."]
[Result "1/2-1/2"]
[WhiteElo "2191"]
[BlackElo "1961"]
[Annotator ""]
[Source ""]
[Remark ""]

1.d4 Nf6 2.c4 e6 3.Nc3 Bb4 4.Qc2 c5 5.dxc5 O-O 6.a3 Bxc5 7.Nf3
Qb6 8.e3 Qc7 9.Bd3 h6 10.b3 b6 11.Bb2 Bb7 12.Ne4 Nxe4 13.Bxe4
Be7 14.Bxb7 Qxb7 15.O-O Rc8 16.Qd3 d6 17.Nd4 Nd7 18.Nb5 Nc5 19.Qc3
Bf6 20.Qc2 Be7 21.Qc3 Bf6 22.Qc2 Be7 23.Qc3 Bf6 24.Qc2 1/2-1/2

[Event "Fide Open"]
[Site "?"]
[Date "2017.06.20"]
[Round "9.12"]
[White "Palkovich, Denis"]
[Black "Matveenko, Yury"]
[Result "1-0"]
[WhiteElo "2147"]
[BlackElo "1928"]
[Annotator ""]
[Source ""]
[Remark ""]

1.d4 Nf6 2.Bf4 d5 3.e3 e6 4.Nd2 c5 5.c3 Nc6 6.Ngf3 Be7 7.Ne5
Nd7 8.Bd3 Ndxe5 9.dxe5 h6 10.O-O Qc7 11.e4 d4 12.Nc4 Qd8 13.a4
h5 14.h3 b6 15.Bh2 Rb8 16.f4 a6 17.f5 b5 18.axb5 axb5 19.fxe6
Bxe6 20.Nd6+ Bxd6 21.exd6 Qd7 22.Be2 g6 23.Qd2 Rd8 24.Bxb5 Qb7
25.Bxc6+ Qxc6 26.cxd4 cxd4 27.Qxd4 O-O 28.Rac1 Qb5 29.Qf6 Kh7
30.Be5 Rg8 31.Rc7 Rd7 32.Rfc1 g5 33.Rxd7 1-0